El autor como productor

محفوظ في:
التفاصيل البيبلوغرافية
المؤلف الرئيسي: Benjamin, Walter 1892-1940 (مؤلف)
التنسيق: كتاب
اللغة:الإسبانية
منشور في: Madrid Casimiro Libros 2015
الطبعة:1a. ed
الموضوعات:
الوسوم: إضافة وسم
لا توجد وسوم, كن أول من يضع وسما على هذه التسجيلة!

MARC

LEADER 00000cam a2200000 a 4500
001 UCE6232
003 CL-VaPUC
008 150402e20150000sp |||||||||||||||||spa|d
020 |a 9788415715566 
082 0 4 |a 701  |b BEN  |2 21 
100 |a Benjamin, Walter  |d 1892-1940  |e author  |9 269121 
245 1 3 |a El autor como productor 
250 |a 1a. ed 
300 |a 60 p 
942 |c BK 
945 |d 20150402 11:08:00  |a dcastane 
260 |a Madrid  |b Casimiro Libros  |c 2015 
650 0 |a Filosofía del arte  |9 264951 
650 7 |a FILOSOFOS ALEMANES  |2 CL-VaPUC  |9 578865 
583 |a last modification  |c 20150402 11:08:00  |k Rodrigo Vera 
999 |c 358611  |d 358609 
952 |0 0  |1 0  |3 erb  |4 0  |6 701_000000000000000_BEN_2015  |7 0  |8 A  |9 467442  |a BIBART  |b BIBART  |i 5143373  |o 701 BEN 2015  |p 5143373  |r 2025-03-13  |w 2019-11-23  |y BK  |z Catalogado en:20150402  |k ART